=LDR 00000nam 2200000 4500 =001 $a INLIS000000000008552 =005 $a 20260702080759 =008 $a 260702################g##########0#ind## =022 ##$$a 979-694-665-3 =035 ##$$a 0010-0726000001 =082 ##$$a 658.81 =084 ##$$a 658.81 GOH m =100 1#$$a Goh, Sunny T.H. =245 ##$$a Marketing wise $b pendekatan inkonvensional terhadap strategi pemasaran di asia $c Goh, Sunny T.H.; Khoo Kheng-Hor; Grace Satyadi (pengalih bahasa); Herry Prasetyo (penyunting) =247 ##$$a =260 ##$$a Jakarta $b Bhuana Ilmu Populer $c 2005 =300 ##$$a xxii, 281 hlm. $b ilus. $c 21 cm $e =310 ##$$a =321 ##$$a =500 #$$a Indeks tersedia =650 #$$a Pemasaran =700 #$$a Grace Satyadi (pengalih bahasa) =700 #$$a Herry Prasetyo (penyunting) =700 #$$a Khoo Kheng-Hor =856 ##$$a =Wor $a 1